| 000 | 00963pam a2200289 i 4500 | ||
|---|---|---|---|
| 001 | 019494425 | ||
| 003 | EG-ScBUE | ||
| 005 | 20211208125020.0 | ||
| 008 | 190704s2019 enka f b 001 0 eng d | ||
| 020 | _a9780714879888 (hbk.) | ||
| 040 |
_aStDuBDS _beng _erda _cStDuBDS _dUk _dEG-ScBUE |
||
| 082 | 0 | 4 |
_a743.49 _bANA _222 |
| 245 | 0 | 0 |
_aAnatomy : _bexploring the human body. |
| 264 | 1 |
_aLondon : _bPhaidon Press Limited, _c2019. |
|
| 300 |
_a343 pages : _billustrations (black and white, and colour) ; _c30 cm |
||
| 336 |
_atext _2rdacontent _btxt |
||
| 336 |
_astill image _2rdacontent _btxt |
||
| 337 |
_aunmediated _2rdamedia _bn |
||
| 338 |
_avolume _2rdacarrier _bnc |
||
| 500 |
_aFormerly CIP. _5Uk |
||
| 504 | _aIncludes bibliographical references and index. | ||
| 650 | 7 |
_aAnatomy, Artistic _vPictorial works. _2BUEsh |
|
| 653 |
_bART _cDecember2021 |
||
| 655 |
_vReading book _934232 |
||
| 942 |
_2ddc _cBB |
||
| 999 |
_c29711 _d29682 |
||